Normal view MARC view
  • Dr. Nasir Mahmood Ahmad

Entry Personal Name

Number of records used in: 1

001 - CONTROL NUMBER

  • control field: 21080

003 - CONTROL NUMBER IDENTIFIER

  • control field: NUST

005 - DATE AND TIME OF LATEST TRANSACTION

  • control field: 20190923120704.0

008 - FIXED-LENGTH DATA ELEMENTS

  • fixed length control field: 190923|| aca||aabn | a|a d

040 ## - CATALOGING SOURCE

  • Original cataloging agency: NUST
  • Transcribing agency: NUST

100 ## - HEADING--PERSONAL NAME

  • Personal name: Dr. Nasir Mahmood Ahmad

670 ## - SOURCE DATA FOUND

  • Source citation: Work cat.: (NUST): Alvi, Muhammad Azeem Ur Rehman 21079, Mechanical Design of Prototype Pilot Scale Plant for Polymer Membrane Modules Manufacturing /, 2016.
© 2023 Central Library, National University of Sciences and Technology. All Rights Reserved.